10+ Serie A Goals In A Season - Statistics

General Stats
  • This quiz has been taken 117 times
  • The average score is 348 of 594
Answer Stats
% Correct
2024/25 (So Far) Napoli Belgium 31 Romelu Lukaku 10
100%
2023/24 Roma Belgium 31 Romelu Lukaku 13
100%
2022/23 Inter Milan Belgium 30 Romelu Lukaku 10
100%
2020/21 Inter Milan Belgium 28 Romelu Lukaku 24
100%
2019/20 Inter Milan Belgium 27 Romelu Lukaku 23
100%
2020/21 Juventus Portugal 36 Cristiano Ronaldo 29
99%
2019/20 Juventus Portugal 35 Cristiano Ronaldo 31
99%
2018/19 Juventus Portugal 34 Cristiano Ronaldo 21
99%
2024/25 (So Far) Inter Milan Argentina 27 Lautaro Martínez 11
99%
2023/24 Inter Milan Argentina 26 Lautaro Martínez 24
99%
2022/23 Inter Milan Argentina 25 Lautaro Martínez 21
99%
2021/22 Inter Milan Argentina 24 Lautaro Martínez 21
99%
2020/21 Inter Milan Argentina 23 Lautaro Martínez 17
99%
2019/20 Inter Milan Argentina 22 Lautaro Martínez 14
99%
1998/99 Inter Milan Brazil 22 Ronaldo Nazário 14
99%
2020/21 Milan Sweden 39 Zlatan Ibrahimović 15
99%
2019/20 Milan Sweden 38 Zlatan Ibrahimović 10
99%
2011/12 Milan Sweden 30 Zlatan Ibrahimović 28
99%
2010/11 Milan Sweden 29 Zlatan Ibrahimović 14
99%
2008/09 Inter Milan Sweden 27 Zlatan Ibrahimović 25
99%
2007/08 Inter Milan Sweden 26 Zlatan Ibrahimović 17
99%
2006/07 Inter Milan Sweden 25 Zlatan Ibrahimović 15
99%
2004/05 Juventus Sweden 23 Zlatan Ibrahimović 16
99%
2022/23 Lazio Italy 33 Ciro Immobile 12
97%
2021/22 Lazio Italy 32 Ciro Immobile 27
97%
2020/21 Lazio Italy 31 Ciro Immobile 20
97%
2019/20 Lazio Italy 30 Ciro Immobile 36
97%
2018/19 Lazio Italy 29 Ciro Immobile 15
97%
2017/18 Lazio Italy 28 Ciro Immobile 29
97%
2016/17 Lazio Italy 27 Ciro Immobile 23
97%
2013/14 Torino Italy 24 Ciro Immobile 22
97%
2023/24 Juventus Serbia 24 Dušan Vlahović 16
97%
2022/23 Juventus Serbia 23 Dušan Vlahović 10
97%
2021/22 Fiorentina & Juventus Serbia 22 Dušan Vlahović 24
97%
2020/21 Fiorentina Serbia 21 Dušan Vlahović 21
97%
2021/22 Napoli Belgium 35 Dries Mertens 11
96%
2018/19 Napoli Belgium 32 Dries Mertens 16
96%
2017/18 Napoli Belgium 31 Dries Mertens 18
96%
2016/17 Napoli Belgium 30 Dries Mertens 28
96%
2013/14 Napoli Belgium 27 Dries Mertens 11
96%
2021/22 Inter Milan Bosnia 36 Edin Džeko 13
96%
2019/20 Roma Bosnia 34 Edin Džeko 16
96%
2017/18 Roma Bosnia 32 Edin Džeko 16
96%
2016/17 Roma Bosnia 31 Edin Džeko 29
96%
2024/25 (So Far) Inter Milan France 27 Marcus Thuram 13
96%
2023/24 Inter Milan France 26 Marcus Thuram 13
96%
2017/18 Juventus Argentina 30 Gonzalo Higuaín 16
95%
2016/17 Juventus Argentina 29 Gonzalo Higuaín 24
95%
2015/16 Napoli Argentina 28 Gonzalo Higuaín 36
95%
2014/15 Napoli Argentina 27 Gonzalo Higuaín 18
95%
2013/14 Napoli Argentina 26 Gonzalo Higuaín 17
95%
2023/24 Milan France 37 Olivier Giroud 15
95%
2022/23 Milan France 36 Olivier Giroud 13
95%
2021/22 Milan France 35 Olivier Giroud 11
95%
2023/24 Napoli Nigeria 25 Victor Osimhen 15
95%
2022/23 Napoli Nigeria 24 Victor Osimhen 26
95%
2021/22 Napoli Nigeria 23 Victor Osimhen 14
95%
2020/21 Napoli Nigeria 22 Victor Osimhen 10
95%
2023/24 Milan United States 25 Christian Pulisic 12
93%
2012/13 Roma Italy 36 Francesco Totti 12
93%
2010/11 Roma Italy 34 Francesco Totti 15
93%
2009/10 Roma Italy 33 Francesco Totti 14
93%
2008/09 Roma Italy 32 Francesco Totti 13
93%
2007/08 Roma Italy 31 Francesco Totti 14
93%
2006/07 Roma Italy 30 Francesco Totti 26
93%
2005/06 Roma Italy 29 Francesco Totti 15
93%
2004/05 Roma Italy 28 Francesco Totti 12
93%
2003/04 Roma Italy 27 Francesco Totti 20
93%
2002/03 Roma Italy 26 Francesco Totti 14
93%
2000/01 Roma Italy 24 Francesco Totti 13
93%
1998/99 Roma Italy 22 Francesco Totti 12
93%
2022/23 Milan Portugal 23 Rafael Leão 15
93%
2021/22 Milan Portugal 22 Rafael Leão 11
93%
2024/25 (So Far) Atalanta Nigeria 27 Ademola Lookman 13
92%
2023/24 Atalanta Nigeria 26 Ademola Lookman 11
92%
2022/23 Atalanta Nigeria 25 Ademola Lookman 13
92%
2023/24 Napoli Georgia 23 Khvicha Kvaratskhelia 11
92%
2022/23 Napoli Georgia 22 Khvicha Kvaratskhelia 12
92%
2016/17 Napoli Slovakia 29 Marek Hamšík 12
92%
2012/13 Napoli Slovakia 25 Marek Hamšík 11
92%
2010/11 Napoli Slovakia 23 Marek Hamšík 11
92%
2009/10 Napoli Slovakia 22 Marek Hamšík 12
92%
2023/24 Roma Argentina 30 Paulo Dybala 13
92%
2022/23 Roma Argentina 29 Paulo Dybala 12
92%
2021/22 Juventus Argentina 28 Paulo Dybala 10
92%
2019/20 Juventus Argentina 26 Paulo Dybala 11
92%
2017/18 Juventus Argentina 24 Paulo Dybala 22
92%
2016/17 Juventus Argentina 23 Paulo Dybala 11
92%
2015/16 Juventus Argentina 22 Paulo Dybala 19
92%
2014/15 Palermo Argentina 21 Paulo Dybala 13
92%
2022/23 Sassuolo Italy 28 Domenico Berardi 12
91%
2021/22 Sassuolo Italy 27 Domenico Berardi 15
91%
2020/21 Sassuolo Italy 26 Domenico Berardi 17
91%
2019/20 Sassuolo Italy 26 Domenico Berardi 14
91%
2014/15 Sassuolo Italy 20 Domenico Berardi 15
91%
2013/14 Sassuolo Italy 19 Domenico Berardi 16
91%
2023/24 Inter Milan Turkey 30 Hakan Çalhanoğlu 13
91%
2016/17 Roma Egypt 24 Mohamed Salah 15
91%
2015/16 Roma Egypt 23 Mohamed Salah 14
91%
2008/09 Juventus Italy 34 Alessandro Del Piero 13
89%
2007/08 Juventus Italy 33 Alessandro Del Piero 21
89%
2005/06 Juventus Italy 31 Alessandro Del Piero 12
89%
2004/05 Juventus Italy 30 Alessandro Del Piero 14
89%
2002/03 Juventus Italy 28 Alessandro Del Piero 16
89%
2001/02 Juventus Italy 27 Alessandro Del Piero 16
89%
2014/15 Udinese Italy 37 Antonio Di Natale 14
89%
2013/14 Udinese Italy 36 Antonio Di Natale 17
89%
2012/13 Udinese Italy 35 Antonio Di Natale 23
89%
2011/12 Udinese Italy 34 Antonio Di Natale 23
89%
2010/11 Udinese Italy 33 Antonio Di Natale 28
89%
2009/10 Udinese Italy 32 Antonio Di Natale 29
89%
2008/09 Udinese Italy 31 Antonio Di Natale 12
89%
2007/08 Udinese Italy 30 Antonio Di Natale 17
89%
2006/07 Udinese Italy 29 Antonio Di Natale 11
89%
2002/03 Empoli Italy 25 Antonio Di Natale 13
89%
2024/25 (So Far) Roma Ukraine 27 Artem Dovbyk 11
89%
2023/24 Atalanta & Torino Colombia 33 Duván Zapata 13
89%
2021/22 Atalanta Colombia 31 Duván Zapata 10
89%
2020/21 Atalanta Colombia 30 Duván Zapata 15
89%
2019/20 Atalanta Colombia 29 Duván Zapata 18
89%
2018/19 Atalanta Colombia 28 Duván Zapata 23
89%
2017/18 Sampdoria Colombia 27 Duván Zapata 11
89%
2016/17 Udinese Colombia 26 Duván Zapata 10
89%
2020/21 Sampdoria Italy 38 Fabio Quagliarella 13
89%
2019/20 Sampdoria Italy 37 Fabio Quagliarella 11
89%
2018/19 Sampdoria Italy 36 Fabio Quagliarella 26
89%
2017/18 Sampdoria Italy 35 Fabio Quagliarella 19
89%
2016/17 Sampdoria Italy 34 Fabio Quagliarella 12
89%
2014/15 Torino Italy 32 Fabio Quagliarella 13
89%
2009/10 Napoli Italy 27 Fabio Quagliarella 11
89%
2008/09 Udinese Italy 26 Fabio Quagliarella 13
89%
2007/08 Udinese Italy 25 Fabio Quagliarella 12
89%
2006/07 Sampdoria Italy 24 Fabio Quagliarella 13
89%
2021/22 Napoli Italy 30 Lorenzo Insigne 11
89%
2020/21 Napoli Italy 29 Lorenzo Insigne 19
89%
2018/19 Napoli Italy 27 Lorenzo Insigne 10
89%
2016/17 Napoli Italy 25 Lorenzo Insigne 18
89%
2015/16 Napoli Italy 24 Lorenzo Insigne 12
89%
2024/25 (So Far) Atalanta Italy 25 Mateo Retegui 22
89%
2021/22 Roma England 24 Tammy Abraham 17
89%
2012/13 Napoli Uruguay 26 Edinson Cavani 29
88%
2011/12 Napoli Uruguay 25 Edinson Cavani 23
88%
2010/11 Napoli Uruguay 24 Edinson Cavani 26
88%
2009/10 Palermo Uruguay 23 Edinson Cavani 13
88%
2008/09 Palermo Uruguay 22 Edinson Cavani 14
88%
2018/19 Genoa & Milan Poland 23 Krzysztof Piątek 22
88%
2022/23 Bologna Austria 34 Marko Arnautović 10
88%
2021/22 Bologna Austria 33 Marko Arnautović 14
88%
2019/20 Napoli Poland 26 Arkadiusz Milik 11
87%
2018/19 Napoli Poland 25 Arkadiusz Milik 17
87%
2015/16 Juventus Croatia 29 Mario Mandžukić 10
87%
2018/19 Inter Milan Argentina 26 Mauro Icardi 11
84%
2017/18 Inter Milan Argentina 25 Mauro Icardi 29
84%
2016/17 Inter Milan Argentina 24 Mauro Icardi 24
84%
2015/16 Inter Milan Argentina 23 Mauro Icardi 16
84%
2014/15 Inter Milan Argentina 22 Mauro Icardi 22
84%
2012/13 Sampdoria Argentina 20 Mauro Icardi 10
84%
2016/17 Atalanta Argentina 29 Papu Gómez 16
84%
2020/21 Juventus Spain 28 Álvaro Morata 11
83%
2011/12 Inter Milan Argentina 32 Diego Milito 24
83%
2009/10 Inter Milan Argentina 30 Diego Milito 22
83%
2008/09 Genoa Argentina 29 Diego Milito 24
83%
2014/15 Hellas Verona Italy 38 Luca Toni 22
83%
2013/14 Hellas Verona Italy 36 Luca Toni 20
83%
2006/07 Fiorentina Italy 29 Luca Toni 16
83%
2005/06 Fiorentina Italy 28 Luca Toni 31
83%
2004/05 Palermo Italy 28 Luca Toni 20
83%
2001/02 Brescia Italy 24 Luca Toni 13
83%
2016/17 Milan Colombia 30 Carlos Bacca 13
82%
2015/16 Milan Colombia 29 Carlos Bacca 18
82%
2014/15 Juventus Argentina 31 Carlos Tevez 20
82%
2013/14 Juventus Argentina 30 Carlos Tevez 19
82%
2020/21 Roma Armenia 32 Henrikh Mkhitaryan 13
82%
2017/18 Inter Milan Croatia 29 Ivan Perišić 11
82%
2016/17 Inter Milan Croatia 28 Ivan Perišić 11
82%
2008/09 Milan Brazil 27 Kaká 16
82%
2007/08 Milan Brazil 26 Kaká 15
82%
2005/06 Milan Brazil 24 Kaká 14
82%
2003/04 Milan Brazil 22 Kaká 10
82%
2010/11 Inter Milan Cameroon 30 Samuel Eto'o 21
82%
2009/10 Inter Milan Cameroon 29 Samuel Eto'o 12
82%
2019/20 Atalanta Slovenia 32 Josip Iličić 15
80%
2018/19 Atalanta Slovenia 31 Josip Iličić 12
80%
2017/18 Atalanta Slovenia 30 Josip Iličić 11
80%
2015/16 Fiorentina Slovenia 28 Josip Iličić 13
80%
2012/13 Palermo Slovenia 25 Josip Iličić 10
80%
2014/15 Lazio Germany 36 Miroslav Klose 13
80%
2012/13 Lazio Germany 34 Miroslav Klose 15
80%
2011/12 Lazio Germany 33 Miroslav Klose 12
80%
2024/25 (So Far) Fiorentina Italy 25 Moise Kean 15
80%
2020/21 Torino Italy 27 Andrea Belotti 13
79%
2019/20 Torino Italy 26 Andrea Belotti 16
79%
2018/19 Torino Italy 25 Andrea Belotti 15
79%
2017/18 Torino Italy 24 Andrea Belotti 10
79%
2016/17 Torino Italy 23 Andrea Belotti 26
79%
2015/16 Torino Italy 22 Andrea Belotti 12
79%
2020/21 Milan Croatia 27 Ante Rebić 11
79%
2019/20 Milan Croatia 26 Ante Rebić 11
79%
2004/05 Inter Milan Italy 31 Christian Vieri 13
79%
2003/04 Inter Milan Italy 30 Christian Vieri 13
79%
2002/03 Inter Milan Italy 29 Christian Vieri 24
79%
2001/02 Inter Milan Italy 28 Christian Vieri 22
79%
2000/01 Inter Milan Italy 27 Christian Vieri 18
79%
1999/00 Inter Milan Italy 26 Christian Vieri 13
79%
1998/99 Lazio Italy 25 Christian Vieri 12
79%
2007/08 Lazio North Macedonia 24 Goran Pandev 14
79%
2006/07 Lazio North Macedonia 23 Goran Pandev 11
79%
2005/06 Lazio North Macedonia 22 Goran Pandev 11
79%
2020/21 Atalanta Colombia 30 Luis Muriel 22
79%
2019/20 Atalanta Colombia 29 Luis Muriel 18
79%
2016/17 Sampdoria Colombia 26 Luis Muriel 11
79%
2012/13 Udinese Colombia 22 Luis Muriel 11
79%
2010/11 Udinese Chile 22 Alexis Sánchez 12
78%
2021/22 Lazio Serbia 27 Sergej Milinković-Savić 11
78%
2017/18 Lazio Serbia 23 Sergej Milinković-Savić 12
78%
2007/08 Juventus France 30 David Trezeguet 20
76%
2005/06 Juventus France 28 David Trezeguet 23
76%
2003/04 Juventus France 26 David Trezeguet 16
76%
2001/02 Juventus France 24 David Trezeguet 24
76%
2000/01 Juventus France 23 David Trezeguet 14
76%
2006/07 Inter Milan Argentina 31 Hernán Crespo 14
76%
2004/05 Milan Argentina 29 Hernán Crespo 10
76%
2001/02 Lazio Argentina 26 Hernán Crespo 13
76%
2000/01 Lazio Argentina 25 Hernán Crespo 26
76%
1999/00 Parma Argentina 24 Hernán Crespo 22
76%
1998/99 Parma Argentina 23 Hernán Crespo 16
76%
2017/18 Napoli Spain 31 José Callejón 10
76%
2016/17 Napoli Spain 30 José Callejón 14
76%
2014/15 Napoli Spain 28 José Callejón 11
76%
2013/14 Napoli Spain 27 José Callejón 15
76%
2021/22 Atalanta Croatia 27 Mario Pašalić 13
76%
2023/24 Atalanta Netherlands 26 Teun Koopmeiners 12
76%
2022/23 Atalanta Netherlands 25 Teun Koopmeiners 10
76%
2008/09 Milan Italy 35 Filippo Inzaghi 13
75%
2007/08 Milan Italy 34 Filippo Inzaghi 11
75%
2005/06 Milan Italy 32 Filippo Inzaghi 12
75%
2002/03 Milan Italy 29 Filippo Inzaghi 17
75%
2001/02 Milan Italy 28 Filippo Inzaghi 10
75%
2000/01 Juventus Italy 27 Filippo Inzaghi 11
75%
1999/00 Juventus Italy 26 Filippo Inzaghi 15
75%
1998/99 Juventus Italy 25 Filippo Inzaghi 13
75%
2020/21 Milan Ivory Coast 24 Franck Kessié 13
75%
1998/99 Piacenza Italy 23 Simone Inzaghi 15
75%
2022/23 Salernitana Senegal 26 Boulaye Dia 16
74%
2012/13 Fiorentina Montenegro 23 Stevan Jovetić 13
74%
2011/12 Fiorentina Montenegro 22 Stevan Jovetić 14
74%
2005/06 Milan Ukraine 29 Andriy Shevchenko 19
72%
2004/05 Milan Ukraine 28 Andriy Shevchenko 17
72%
2003/04 Milan Ukraine 27 Andriy Shevchenko 24
72%
2001/02 Milan Ukraine 25 Andriy Shevchenko 14
72%
2000/01 Milan Ukraine 24 Andriy Shevchenko 24
72%
1999/00 Milan Ukraine 23 Andriy Shevchenko 24
72%
2020/21 Napoli Mexico 25 Hirving Lozano 11
72%
2009/10 Milan Brazil 30 Ronaldinho 12
72%
2024/25 (So Far) Bologna Italy 28 Riccardo Orsolini 11
71%
2023/24 Bologna Italy 27 Riccardo Orsolini 10
71%
2022/23 Bologna Italy 26 Riccardo Orsolini 11
71%
2010/11 Milan Brazil 21 Alexandre Pato 14
70%
2009/10 Milan Brazil 20 Alexandre Pato 12
70%
2008/09 Milan Brazil 19 Alexandre Pato 15
70%
2023/24 Atalanta Italy 25 Gianluca Scamacca 12
70%
2021/22 Sassuolo Italy 23 Gianluca Scamacca 16
70%
2013/14 Milan Italy 23 Mario Balotelli 14
70%
2012/13 Milan Italy 22 Mario Balotelli 12
70%
2010/11 Milan Brazil 27 Robinho 14
70%
2023/24 Fiorentina Argentina 26 Nicolás González 12
68%
2020/21 Atalanta Germany 26 Robin Gosens 11
68%
2013/14 Parma Italy 31 Antonio Cassano 12
67%
2008/09 Sampdoria Italy 26 Antonio Cassano 12
67%
2003/04 Roma Italy 21 Antonio Cassano 14
67%
2023/24 Atalanta Belgium 23 Charles De Ketelaere 10
67%
2000/01 Roma Argentina 32 Gabriel Batistuta 20
67%
1999/00 Fiorentina Argentina 31 Gabriel Batistuta 23
67%
1998/99 Fiorentina Argentina 30 Gabriel Batistuta 21
67%
2018/19 Roma Italy 26 Stephan El Shaarawy 11
67%
2012/13 Milan Italy 20 Stephan El Shaarawy 16
67%
2015/16 Palermo Italy 33 Alberto Gilardino 10
66%
2013/14 Genoa Italy 31 Alberto Gilardino 15
66%
2012/13 Bologna Italy 30 Alberto Gilardino 13
66%
2010/11 Fiorentina Italy 28 Alberto Gilardino 12
66%
2009/10 Fiorentina Italy 27 Alberto Gilardino 15
66%
2008/09 Fiorentina Italy 26 Alberto Gilardino 19
66%
2006/07 Milan Italy 24 Alberto Gilardino 12
66%
2005/06 Milan Italy 23 Alberto Gilardino 17
66%
2004/05 Parma Italy 22 Alberto Gilardino 23
66%
2003/04 Parma Italy 21 Alberto Gilardino 23
66%
2013/14 Juventus Chile 26 Arturo Vidal 11
66%
2012/13 Juventus Chile 25 Arturo Vidal 10
66%
2013/14 Juventus Spain 29 Fernando Llorente 16
66%
2021/22 Hellas Verona Argentina 26 Giovanni Simeone 17
66%
2019/20 Cagliari Argentina 25 Giovanni Simeone 12
66%
2017/18 Fiorentina Argentina 22 Giovanni Simeone 14
66%
2016/17 Genoa Argentina 21 Giovanni Simeone 12
66%
2024/25 (So Far) Udinese Italy 24 Lorenzo Lucca 10
66%
2015/16 Roma Bosnia 26 Miralem Pjanić 10
64%
2012/13 Juventus Montenegro 29 Mirko Vučinić 10
64%
2010/11 Roma Montenegro 27 Mirko Vučinić 10
64%
2009/10 Roma Montenegro 26 Mirko Vučinić 14
64%
2008/09 Roma Montenegro 25 Mirko Vučinić 11
64%
2004/05 Lecce Montenegro 21 Mirko Vučinić 19
64%
2013/14 Inter Milan Argentina 32 Rodrigo Palacio 17
64%
2012/13 Inter Milan Argentina 31 Rodrigo Palacio 12
64%
2011/12 Genoa Argentina 30 Rodrigo Palacio 19
64%
2005/06 Inter Milan Brazil 24 Adriano 13
63%
2004/05 Inter Milan Brazil 23 Adriano 16
63%
2003/04 Parma & Inter Milan Brazil 22 Adriano 17
63%
2002/03 Parma Brazil 21 Adriano 15
63%
2013/14 Fiorentina Italy 27 Giuseppe Rossi 16
63%
2016/17 Roma Belgium 29 Radja Nainggolan 11
63%
2003/04 Brescia Italy 37 Roberto Baggio 12
63%
2002/03 Brescia Italy 36 Roberto Baggio 12
63%
2001/02 Brescia Italy 35 Roberto Baggio 11
63%
2000/01 Brescia Italy 34 Roberto Baggio 10
63%
2005/06 Siena Italy 35 Enrico Chiesa 11
62%
2004/05 Siena Italy 34 Enrico Chiesa 11
62%
2003/04 Siena Italy 33 Enrico Chiesa 10
62%
2000/01 Fiorentina Italy 30 Enrico Chiesa 22
62%
2019/20 Fiorentina Italy 22 Federico Chiesa 10
62%
2010/11 Palermo Argentina 21 Javier Pastore 11
59%
2023/24 Bologna Netherlands 22 Joshua Zirkzee 11
59%
2008/09 Fiorentina Romania 30 Adrian Mutu 13
58%
2007/08 Fiorentina Romania 29 Adrian Mutu 17
58%
2006/07 Fiorentina Romania 28 Adrian Mutu 16
58%
2002/03 Parma Romania 24 Adrian Mutu 18
58%
2001/02 Hellas Verona Romania 23 Adrian Mutu 12
58%
2018/19 Parma Ivory Coast 31 Gervinho 11
58%
2014/15 Lazio Brazil 22 Felipe Anderson 10
57%
2016/17 Fiorentina Croatia 29 Nikola Kalinić 15
57%
2015/16 Fiorentina Croatia 28 Nikola Kalinić 12
57%
2016/17 Sampdoria Czech Republic 21 Patrik Schick 11
57%
2022/23 Torino Paraguay 27 Antonio Sanabria 12
55%
2021/22 Sassuolo Italy 22 Giacomo Raspadori 10
55%
2011/12 Juventus Italy 27 Alessandro Matri 10
54%
2010/11 Cagliari & Juventus Italy 26 Alessandro Matri 20
54%
2009/10 Cagliari Italy 25 Alessandro Matri 13
54%
2022/23 Spezia Angola 26 M'Bala Nzola 13
54%
2020/21 Spezia Angola 24 M'Bala Nzola 11
54%
2021/22 Udinese Spain 28 Gerard Deulofeu 13
53%
2021/22 Cagliari Italy 30 João Pedro 13
53%
2020/21 Cagliari Italy 29 João Pedro 16
53%
2019/20 Cagliari Italy 28 João Pedro 18
53%
2017/18 Lazio Spain 25 Luis Alberto 11
53%
2014/15 Milan France 27 Jérémy Ménez 16
51%
2022/23 Lazio Italy 27 Mattia Zaccagni 10
51%
2023/24 Genoa Iceland 26 Albert Guðmundsson 14
50%
2015/16 Lazio Italy 29 Antonio Candreva 10
50%
2014/15 Lazio Italy 28 Antonio Candreva 10
50%
2013/14 Lazio Italy 27 Antonio Candreva 12
50%
2016/17 Fiorentina Italy 23 Federico Bernardeschi 11
49%
2019/20 Lecce Peru 30 Gianluca Lapadula 11
49%
2013/14 Fiorentina Colombia 25 Juan Cuadrado 11
49%
2016/17 Lazio Senegal 22 Keita Baldé 16
49%
2011/12 Palermo Italy 32 Fabrizio Miccoli 16
47%
2009/10 Palermo Italy 30 Fabrizio Miccoli 19
47%
2008/09 Palermo Italy 29 Fabrizio Miccoli 14
47%
2004/05 Fiorentina Italy 25 Fabrizio Miccoli 12
47%
2012/13 Milan Italy 28 Giampaolo Pazzini 15
46%
2010/11 Sampdoria & Inter Milan Italy 26 Giampaolo Pazzini 17
46%
2009/10 Sampdoria Italy 25 Giampaolo Pazzini 19
46%
2008/09 Fiorentina & Sampdoria Italy 24 Giampaolo Pazzini 12
46%
2011/12 Bologna Italy 35 Marco Di Vaio 10
46%
2010/11 Bologna Italy 34 Marco Di Vaio 19
46%
2009/10 Bologna Italy 33 Marco Di Vaio 12
46%
2008/09 Bologna Italy 32 Marco Di Vaio 24
46%
2003/04 Juventus Italy 27 Marco Di Vaio 11
46%
2001/02 Parma Italy 25 Marco Di Vaio 20
46%
2000/01 Parma Italy 24 Marco Di Vaio 15
46%
1998/99 Salernitana Italy 22 Marco Di Vaio 12
46%
1999/00 Milan Germany 32 Oliver Bierhoff 11
46%
1998/99 Milan Germany 31 Oliver Bierhoff 19
46%
2007/08 Inter Milan Argentina 33 Julio Cruz 13
45%
2005/06 Inter Milan Argentina 31 Julio Cruz 15
45%
2002/03 Bologna Argentina 28 Julio Cruz 10
45%
2001/02 Bologna Argentina 27 Julio Cruz 10
45%
2004/05 Inter Milan Nigeria 20 Obafemi Martins 11
45%
2014/15 Sassuolo Italy 23 Simone Zaza 11
45%
2008/09 Juventus Italy 29 Vincenzo Iaquinta 12
45%
2006/07 Udinese Italy 27 Vincenzo Iaquinta 14
45%
2004/05 Udinese Italy 25 Vincenzo Iaquinta 13
45%
2003/04 Udinese Italy 24 Vincenzo Iaquinta 11
45%
2004/05 Roma Italy 30 Vincenzo Montella 21
45%
2001/02 Roma Italy 27 Vincenzo Montella 13
45%
2000/01 Roma Italy 26 Vincenzo Montella 13
45%
1999/00 Roma Italy 25 Vincenzo Montella 18
45%
1998/99 Sampdoria Italy 24 Vincenzo Montella 12
45%
2019/20 SPAL Italy 25 Andrea Petagna 12
43%
2018/19 SPAL Italy 23 Andrea Petagna 16
43%
2009/10 Livorno Italy 34 Cristiano Lucarelli 10
43%
2006/07 Livorno Italy 31 Cristiano Lucarelli 20
43%
2005/06 Livorno Italy 30 Cristiano Lucarelli 19
43%
2004/05 Livorno Italy 29 Cristiano Lucarelli 24
43%
2000/01 Lecce Italy 25 Cristiano Lucarelli 12
43%
1999/00 Lecce Italy 24 Cristiano Lucarelli 15
43%
2023/24 Frosinone Argentina 21 Matías Soulé 11
43%
1999/00 Inter Milan Uruguay 24 Álvaro Recoba 10
42%
1998/99 Venezia Uruguay 23 Álvaro Recoba 10
42%
2019/20 Parma Sweden 20 Dejan Kulusevski 10
42%
2020/21 Genoa Italy 30 Mattia Destro 11
42%
2016/17 Bologna Italy 26 Mattia Destro 11
42%
2013/14 Roma Italy 23 Mattia Destro 13
42%
2011/12 Siena Italy 21 Mattia Destro 12
42%
1998/99 Fiorentina Portugal 27 Rui Costa 10
42%
2010/11 Chievo Verona Italy 32 Sergio Pellissier 11
42%
2009/10 Chievo Verona Italy 31 Sergio Pellissier 11
42%
2008/09 Chievo Verona Italy 30 Sergio Pellissier 13
42%
2005/06 Chievo Verona Italy 27 Sergio Pellissier 13
42%
2018/19 Sampdoria France 27 Grégoire Defrel 11
41%
2016/17 Sassuolo France 25 Grégoire Defrel 12
41%
2003/04 Milan Denmark 27 Jon Dahl Tomasson 12
41%
2017/18 Sassuolo Italy 24 Matteo Politano 10
41%
2017/18 Milan Italy 20 Patrick Cutrone 10
41%
2021/22 Hellas Verona Czech Republic 27 Antonín Barák 11
39%
2015/16 Sampdoria & Inter Milan Italy 29 Éder 13
39%
2013/14 Sampdoria Italy 27 Éder 12
39%
2005/06 Roma Brazil 25 Mancini 12
39%
2019/20 Sampdoria Italy 28 Manolo Gabbiadini 11
39%
2014/15 Sampdoria & Napoli Italy 23 Manolo Gabbiadini 15
39%
1999/00 Lazio Chile 25 Marcelo Salas 12
39%
1998/99 Lazio Chile 24 Marcelo Salas 15
39%
2024/25 (So Far) Lecce Montenegro 24 Nikola Krstović 10
39%
1998/99 Lazio Italy 34 Roberto Mancini 10
39%
2011/12 Parma Italy 25 Sebastian Giovinco 15
39%
2023/24 Sassuolo Italy 25 Andrea Pinamonti 11
38%
2021/22 Empoli Italy 22 Andrea Pinamonti 13
38%
2019/20 Sassuolo Ivory Coast 23 Jérémie Boga 11
38%
2016/17 Cagliari Italy 34 Marco Borriello 16
38%
2012/13 Genoa Italy 30 Marco Borriello 12
38%
2010/11 Roma Italy 28 Marco Borriello 11
38%
2009/10 Milan Italy 27 Marco Borriello 14
38%
2007/08 Genoa Italy 25 Marco Borriello 19
38%
2012/13 Parma Italy 32 Amauri 10
37%
2008/09 Juventus Italy 28 Amauri 12
37%
2007/08 Palermo Italy 27 Amauri 15
37%
2005/06 Chievo Verona Italy 25 Amauri 11
37%
2019/20 Parma Denmark 27 Andreas Cornelius 12
37%
2022/23 Udinese Guinea-Bissau 25 Beto 10
37%
2021/22 Udinese Guinea-Bissau 24 Beto 11
37%
2020/21 Roma France 28 Jordan Veretout 10
37%
2009/10 Catania Argentina 26 Maxi López 11
37%
2006/07 Cagliari Honduras 27 David Suazo 14
36%
2005/06 Cagliari Honduras 26 David Suazo 22
36%
2020/21 Crotone Nigeria 29 Simy 20
36%
2012/13 Roma Italy 27 Dani Osvaldo 16
34%
2011/12 Roma Italy 26 Dani Osvaldo 11
34%
2021/22 Sampdoria Italy 34 Francesco Caputo 11
34%
2020/21 Sassuolo Italy 33 Francesco Caputo 11
34%
2019/20 Sassuolo Italy 32 Francesco Caputo 21
34%
2018/19 Empoli Italy 31 Francesco Caputo 16
34%
1998/99 Udinese Brazil 24 Márcio Amoroso 22
34%
2018/19 Cagliari Italy 30 Leonardo Pavoletti 16
33%
2017/18 Cagliari Italy 29 Leonardo Pavoletti 11
33%
2015/16 Cagliari Italy 27 Leonardo Pavoletti 14
33%
2002/03 Lazio Argentina 28 Claudio López 15
32%
2001/02 Lazio Argentina 27 Claudio López 10
32%
2013/14 Atalanta Argentina 32 Germán Denis 13
32%
2012/13 Atalanta Argentina 31 Germán Denis 15
32%
2011/12 Atalanta Argentina 30 Germán Denis 16
32%
2019/20 Udinese Italy 27 Kevin Lasagna 10
30%
2017/18 Udinese Italy 25 Kevin Lasagna 12
30%
2016/17 Torino Serbia 25 Adem Ljajić 10
29%
2012/13 Fiorentina Serbia 21 Adem Ljajić 11
29%
2020/21 Roma Spain 24 Borja Mayoral 10
29%
2015/16 Empoli Italy 36 Massimo Maccarone 13
29%
2014/15 Empoli Italy 35 Massimo Maccarone 10
29%
2009/10 Siena Italy 30 Massimo Maccarone 12
29%
2007/08 Siena Italy 28 Massimo Maccarone 13
29%
2007/08 Lazio Italy 30 Tommaso Rocchi 14
29%
2006/07 Lazio Italy 29 Tommaso Rocchi 16
29%
2005/06 Lazio Italy 28 Tommaso Rocchi 16
29%
2004/05 Lazio Italy 27 Tommaso Rocchi 13
29%
2003/04 Empoli Italy 26 Tommaso Rocchi 11
29%
2004/05 Lecce & Fiorentina Bulgaria 19 Valeri Bojinov 13
29%
2013/14 Torino Italy 26 Alessio Cerci 13
28%
2011/12 Milan Italy 27 Antonio Nocerino 10
28%
2016/17 Udinese France 34 Cyril Théréau 12
28%
2015/16 Udinese France 33 Cyril Théréau 11
28%
2014/15 Udinese France 32 Cyril Théréau 10
28%
2012/13 Chievo Verona France 30 Cyril Théréau 11
28%
1998/99 Perugia Japan 22 Hidetoshi Nakata 10
28%
2017/18 Torino Spain 28 Iago Falque 12
28%
2016/17 Torino Spain 27 Iago Falque 12
28%
2014/15 Genoa Spain 25 Iago Falque 13
28%
1999/00 Roma Italy 27 Marco Delvecchio 11
28%
1998/99 Roma Italy 26 Marco Delvecchio 18
28%
2002/03 Piacenza Italy 36 Dario Hübner 14
26%
2001/02 Piacenza Italy 35 Dario Hübner 24
26%
2000/01 Brescia Italy 34 Dario Hübner 17
26%
2002/03 Bologna Italy 35 Giuseppe Signori 12
25%
2000/01 Bologna Italy 33 Giuseppe Signori 16
25%
1999/00 Bologna Italy 32 Giuseppe Signori 15
25%
1998/99 Bologna Italy 31 Giuseppe Signori 15
25%
2008/09 Lazio Argentina 22 Mauro Zárate 13
25%
2012/13 Roma Argentina 21 Erik Lamela 15
24%
2012/13 Lazio Brazil 27 Hernanes 11
24%
2010/11 Lazio Brazil 25 Hernanes 11
24%
2012/13 Cagliari Italy 25 Marco Sau 12
24%
2016/17 Palermo North Macedonia 27 Ilija Nestorovski 11
22%
2003/04 Lecce Uruguay 23 Javier Chevantón 19
22%
2001/02 Lecce Uruguay 21 Javier Chevantón 11
22%
2007/08 Atalanta Italy 35 Cristiano Doni 12
21%
2006/07 Atalanta Italy 34 Cristiano Doni 13
21%
2002/03 Atalanta Italy 30 Cristiano Doni 10
21%
2001/02 Atalanta Italy 29 Cristiano Doni 16
21%
2011/12 Palermo & Cagliari Chile 28 Mauricio Pinilla 10
21%
2004/05 Cagliari Italy 25 Mauro Esposito 16
21%
2007/08 Reggina Italy 33 Nicola Amoruso 12
21%
2006/07 Reggina Italy 32 Nicola Amoruso 17
21%
2005/06 Reggina Italy 31 Nicola Amoruso 11
21%
2000/01 Napoli Italy 26 Nicola Amoruso 10
21%
1999/00 Perugia Italy 25 Nicola Amoruso 11
21%
2012/13 Torino Italy 30 Rolando Bianchi 11
21%
2006/07 Reggina Italy 24 Rolando Bianchi 18
21%
2013/14 Chievo Verona Italy 24 Alberto Paloschi 13
20%
2009/10 Genoa & Lazio Italy 28 Sergio Floccari 12
20%
2008/09 Atalanta Italy 27 Sergio Floccari 12
20%
2011/12 Lecce Italy 36 David Di Michele 11
18%
2005/06 Udinese & Palermo Italy 30 David Di Michele 10
18%
2004/05 Udinese Italy 29 David Di Michele 15
18%
2007/08 Livorno Italy 29 Francesco Tavano 10
18%
2005/06 Empoli Italy 27 Francesco Tavano 19
18%
2016/17 Fiorentina Senegal 24 Khouma Babacar 10
18%
2010/11 Udinese & Genoa Italy 27 Antonio Floro Flores 13
17%
2008/09 Reggina Italy 33 Bernardo Corradi 10
17%
2005/06 Parma Italy 30 Bernardo Corradi 10
17%
2003/04 Lazio Italy 28 Bernardo Corradi 10
17%
2002/03 Lazio Italy 27 Bernardo Corradi 10
17%
2001/02 Chievo Verona Italy 26 Bernardo Corradi 10
17%
2008/09 Catania Italy 29 Giuseppe Mascara 12
17%
2013/14 Catania Argentina 29 Gonzalo Bergessio 10
17%
2012/13 Catania Argentina 28 Gonzalo Bergessio 13
17%
1999/00 Reggina Sierra Leone 20 Mohamed Kallon 11
17%
2010/11 Brescia Italy 29 Andrea Caracciolo 12
16%
2004/05 Brescia Italy 23 Andrea Caracciolo 12
16%
2003/04 Brescia Italy 22 Andrea Caracciolo 12
16%
2002/03 Parma & Reggina Italy 24 Emiliano Bonazzoli 10
16%
2021/22 Salernitana Italy 25 Federico Bonazzoli 10
16%
2017/18 SPAL Italy 33 Mirco Antenucci 11
16%
2017/18 Bologna Italy 25 Simone Verdi 10
16%
2016/17 Crotone Italy 25 Diego Falcinelli 13
14%
2014/15 Palermo Argentina 26 Franco Vázquez 10
14%
1998/99 Milan Brazil 29 Leonardo Araújo 12
14%
2013/14 Livorno Brazil 28 Paulinho 15
14%
2021/22 Hellas Verona Italy 28 Gianluca Caprari 12
13%
2006/07 Inter Milan Italy 33 Marco Materazzi 10
13%
2000/01 Perugia Italy 27 Marco Materazzi 12
13%
2014/15 Lazio Italy 30 Marco Parolo 10
13%
2000/01 Atalanta Italy 23 Nicola Ventola 10
13%
2008/09 Cagliari Italy 21 Robert Acquafresca 14
13%
2007/08 Cagliari Italy 20 Robert Acquafresca 10
13%
2017/18 Chievo Verona Italy 26 Roberto Inglese 12
13%
2016/17 Chievo Verona Italy 25 Roberto Inglese 10
13%
2000/01 Udinese Argentina 26 Roberto Sosa 15
13%
1998/99 Udinese Argentina 24 Roberto Sosa 11
13%
2009/10 Bari Brazil 24 Barreto 14
12%
2006/07 Catania Italy 29 Gionatha Spinesi 17
11%
2001/02 Udinese Italy 30 Roberto Muzzi 14
11%
1999/00 Udinese Italy 28 Roberto Muzzi 12
11%
1998/99 Cagliari Italy 27 Roberto Muzzi 16
11%
2003/04 Sampdoria Italy 27 Fabio Bazzani 13
9%
2001/02 Perugia Italy 25 Fabio Bazzani 10
9%
2001/02 Venezia Italy 29 Filippo Maniero 18
9%
1998/99 Venezia Italy 26 Filippo Maniero 12
9%
2005/06 Sampdoria Italy 31 Francesco Flachi 11
9%
2004/05 Sampdoria Italy 30 Francesco Flachi 14
9%
2003/04 Sampdoria Italy 29 Francesco Flachi 11
9%
2001/02 Chievo Verona Italy 27 Massimo Marazzina 13
9%
2009/10 Atalanta Italy 32 Simone Tiribocchi 11
9%
2008/09 Lecce Italy 31 Simone Tiribocchi 11
9%
2006/07 ACR Messina Italy 33 Christian Riganò 19
8%
2005/06 Siena Albania 29 Erjon Bogdani 11
8%
2006/07 Parma Croatia 27 Igor Budan 13
8%
2008/09 Cagliari Brazil 30 Jeda 11
8%
2019/20 Lecce Italy 31 Marco Mancosu 14
8%
2009/10 Bologna Brazil 33 Adaílton 11
7%
2005/06 ACR Messina Italy 32 Arturo Di Napoli 13
7%
1998/99 Empoli Italy 25 Arturo Di Napoli 11
7%
2011/12 Siena Italy 30 Emanuele Calaiò 11
7%
1998/99 Bari South Africa 29 Phil Masinga 11
7%
2004/05 Palermo Italy 26 Franco Brienza 10
5%
2007/08 Sampdoria Italy 32 Claudio Bellucci 12
4%
2004/05 Bologna Italy 29 Claudio Bellucci 10
4%
2000/01 Lecce Croatia 26 Davor Vugrinec 11
4%
2003/04 Udinese Italy 27 Dino Fava 12
4%
2005/06 Parma Brazil 26 Fábio Simplício 10
4%
2006/07 Empoli Italy 29 Luca Saudati 14
4%
2001/02 Torino Italy 31 Marco Ferrante 10
4%
1999/00 Torino Italy 29 Marco Ferrante 18
4%
2011/12 Novara Italy 32 Marco Rigoni 11
4%
2006/07 Atalanta Italy 32 Riccardo Zampagna 11
4%
2004/05 ACR Messina Italy 30 Riccardo Zampagna 12
4%
2008/09 Udinese Italy 26 Gaetano D'Agostino 11
3%
1998/99 Vicenza Uruguay 28 Marcelo Otero 10
3%
1998/99 Roma Brazil 29 Paulo Sérgio 12
3%
2006/07 Palermo Italy 36 Eugenio Corini 10
1%
No matching quizzes found
Score Distribution
Percent of People with Each Score
Percentile by Number Answered
Your Score History
You have not taken this quiz